000 00678nam a2200169 i 4500
001 161133
003 ES-MaACL
005 20230906212211.0
008 041022s1820 xxk |||| | eng d
040 _aCAM
_bspa
_cCAM
100 1 _aOsborne, Jonathan.
_9130727
245 1 2 _aA sketch of the physiology and pathology of urine
_b: with an historical introduction /
_cby Jonathan Osborne.
260 _aLondon [etc.] :
_bprinted for Burgess and Hill [etc.],
_c1820 (
_fS. Gosnell printer)
300 _aVI, [2], 81 p., [1] h. pleg. ;
_c22 cm.
650 4 _aOrina.
_9136635
852 _aES-MaACL
_jT-483 bis-F-1
_zEnc. hol. -- Falto de la cub. original -- Enc. en un vol. facticio
999 _c161133
_d161133